| 000 | nam a22 a 4500 | ||
|---|---|---|---|
| 999 |
_c3951 _d3951 |
||
| 003 | AKMAL | ||
| 005 | 20170524125541.0 | ||
| 008 | 170524s1998 my 00 may d | ||
| 020 |
_a9830462161 (kkt.): _cRM10.00 |
||
| 040 |
_aAKMAL _cAKMAL |
||
| 082 | 0 | 4 |
_a823 MAL _221 |
| 090 |
_a823 _bMAL |
||
| 245 | 0 | 0 |
_a1001 malam : _bkisah Abu Nawas Si Penglipur Lara / _csusunan Abu Hikmah Al-Husni |
| 260 |
_aKuala Lumpur : _bDarul Nu'man, _c1998 |
||
| 300 | 0 | 0 |
_aviii, 211ms. ; _c21cm |
| 650 | 0 |
_aFolklore _zArab countries _92391 |
|
| 650 | 0 |
_aIslamic stories, Malay _91556 |
|
| 700 | 1 |
_aAl-Husni, Abu Hikmah _92013 |
|
| 740 | 0 | 2 | _aSeribu satu malam: kisah Abu Nawas Si Penglipur Lara |
| 942 |
_2ddc _cBOOK |
||